Waco, Texas - Ethel Cain (Lyrics) - Statistics

General Stats
  • This quiz has been taken 101 times
    16 since last reset
  • The average score is 462 of 492
Answer Stats
Answer % Correct
a
100%
acting
100%
acts
100%
ain't
100%
all
100%
always
100%
and
100%
anything
100%
around
100%
at
100%
baby
100%
back
100%
be
100%
been
100%
blue
100%
body
100%
but
100%
by
100%
can
100%
'cause
100%
cause
100%
children
100%
cool
100%
could
100%
day
100%
daylight
100%
die
100%
do
100%
down
100%
dreamin'
100%
'em
100%
enough
100%
eyes
100%
feed
100%
feel
100%
fix
100%
for
100%
forever
100%
forever?
100%
from
100%
get
100%
girl
100%
gonna
100%
good
100%
hanging
100%
hate
100%
heart
100%
he's
100%
hold
100%
honey's
100%
how
100%
hurt
100%
i
100%
i'd
100%
if
100%
i'll
100%
in
100%
into
100%
is
100%
it
100%
it's
100%
its
100%
i've
100%
keep
100%
knew
100%
know
100%
like
100%
live
100%
love
100%
loved
100%
me
100%
me?
100%
meant
100%
my
100%
names
100%
nebraska
100%
never
100%
no
100%
not
100%
of
100%
offbeat
100%
on
100%
one's
100%
only
100%
our
100%
out
100%
over
100%
picking
100%
pictures
100%
rather
100%
reach
100%
right
100%
running
100%
said
100%
second
100%
see
100%
should
100%
so
100%
some
100%
somehow
100%
something
100%
still
100%
than
100%
the
100%
them
100%
then
100%
they
100%
this
100%
'til
100%
to
100%
true
100%
wait
100%
walking
100%
want
100%
watching
100%
we
100%
we'll
100%
when
100%
where
100%
will
100%
wondering
100%
world
100%
would
100%
yeah
100%
you
100%
your
100%
you're
100%
you've
100%
1998
86%
air
86%
alright
86%
another
86%
are
86%
away
86%
believe
86%
changed
86%
come
86%
comes
86%
cried
86%
did
86%
even
86%
ever
86%
facing
86%
felt
86%
had
86%
hell
86%
him
86%
inside
86%
it'll
86%
killed
86%
late
86%
life
86%
looking
86%
may
86%
maybe
86%
might
86%
moment
86%
morning
86%
moves
86%
myself
86%
night
86%
now
86%
or
86%
put
86%
red
86%
room
86%
scars
86%
sleep
86%
swore
86%
there
86%
these
86%
through
86%
time
86%
too
86%
tried
86%
turned
86%
tv
86%
waiting
86%
way
86%
wear
86%
were
86%
whatever
86%
with
86%
yourself
86%
angry?
71%
apart
71%
arms
71%
as
71%
call
71%
can't
71%
conversation
71%
cruel
71%
fallen
71%
fault?
71%
forgive
71%
his
71%
hope
71%
immortal
71%
known
71%
lights
71%
liked
71%
memories
71%
much
71%
sat
71%
save
71%
they've
71%
today
71%
tugging
71%
walked
71%
was
71%
watched
71%
won't
71%
year
71%
anymore
57%
beg
57%
darling
57%
gone
57%
held
57%
hindsight
57%
lives
57%
low
57%
promising
57%
rule
57%
side
57%
times
57%
waited
57%
weights
57%
we've
57%
bled
43%
goddammit
43%
pages
43%
selling
43%
terrified
43%
No matching quizzes found
Score Distribution
Percent of People with Each Score
Percentile by Number Answered
Your Score History
You have not taken this quiz since the last reset